Programming with Class A C++ Introduction to Computer Science (Record no. 3343)
[ view plain ]
| 000 -LEADER | |
|---|---|
| fixed length control field | 00459nam a2200169Ia 4500 |
| 008 - FIXED-LENGTH DATA ELEMENTS--GENERAL INFORMATION | |
| fixed length control field | 221030s9999 xx 000 0 und d |
| 020 ## - INTERNATIONAL STANDARD BOOK NUMBER | |
| ISBN | 0070474273 |
| 041 ## - LANGUAGE CODE | |
| Language code of text/sound track or separate title | |
| 082 ## - DEWEY DECIMAL CLASSIFICATION NUMBER | |
| Classification number | 105.23 |
| Item number | Kam |
| 100 ## - MAIN ENTRY--AUTHOR NAME | |
| Personal name | S. N. Kamin |
| 245 #0 - TITLE STATEMENT | |
| Title | Programming with Class A C++ Introduction to Computer Science |
| Statement of responsibility, etc | by S. N. Kamin, E. M. Reingold |
| 260 ## - PUBLICATION, DISTRIBUTION, ETC. (IMPRINT) | |
| Name of publisher | TMH |
| Place of publication | New Delhi |
| Year of publication | 2002 |
| 300 ## - PHYSICAL DESCRIPTION | |
| Number of Pages | 691 |
| 650 ## - SUBJECT ADDED ENTRY--TOPICAL TERM | |
| Topical Term | BE Computer |
| 700 ## - ADDED ENTRY--PERSONAL NAME | |
| Personal name | E. M. Reingold |
| 942 ## - ADDED ENTRY ELEMENTS (KOHA) | |
| Koha item type | Books |
| Accession Number | Cost, normal purchase price | Full call number | Price effective from | Koha item type | Withdrawn / writtenoff status | Materials specified (bound volume or other part) | Damaged status | Not for loan | Permanent Location | Current Location | Shelving location | Date acquired | Lost/ Missing status | department |
|---|---|---|---|---|---|---|---|---|---|---|---|---|---|---|
| BE 6899 | 275.00 | 105.23 Kam | 10/30/2022 | Books | MIET Library, Jammu | MIET Library, Jammu | BL-Academic Block - C, FL-2, CUP-90, SH-1, R-1 | 11/29/2005 | BE | |||||
| BE 6898 | 276.00 | 105.23 Kam | 10/30/2022 | Books | Not For Loan | MIET Library, Jammu | MIET Library, Jammu | BL-Second, FL-1, CUP-54, SH-3, R-3 | 11/29/2005 | BE | ||||
| BE 6900 | 275.00 | 105.23 Kam | 10/30/2022 | Books | MIET Library, Jammu | MIET Library, Jammu | BL-Academic Block - C, FL-2, CUP-90, SH-1, R-1 | 11/29/2005 | BE |